000 00326nam a22001217a 4500
999 _c5225
_d5225
008 250827b ||||| |||| 00| 0 eng d
020 _a9781407193557
082 _a823.92 PIC
100 _aPICHON,LIZ
_eAUTHOR
_lENGLISH
245 _aTOM GATES
_bEPIC
260 _aEUSTON HOUSE,EVERSHOLT STREET,UK
_bSCHOLASTIC
_c2021
942 _2ddc